|
|
|
|
| LEADER |
00000nam0a2200000 4500 |
| 001 |
73161 |
| 005 |
20231101212705.0 |
| 010 |
|
|
|a 5940740723
|
| 035 |
|
|
|a (RuTPU)RU\TPU\book\78042
|
| 090 |
|
|
|a 73161
|
| 100 |
|
|
|a 20050211d2005 km y0rusy50 ca
|
| 101 |
1 |
|
|a rus
|c fre
|
| 102 |
|
|
|a RU
|
| 105 |
|
|
|a a z 001zy
|
| 200 |
1 |
|
|a Полезные советы по разработке и отладке электронных схем
|e пер. с фр.
|f К. Галле
|
| 210 |
|
|
|a Москва
|c ДМК Пресс
|d 2005
|
| 215 |
|
|
|a 199 с.
|c ил.
|
| 225 |
1 |
|
|a В помощь радиолюбителю
|
| 320 |
|
|
|a Предметный указатель: с. 197-199
|
| 330 |
|
|
|a Данная книга представляет собой сборник практических рекомендаций по проектированию, изготовлению и наладке аналоговых и цифровых электронных схем различного назначения. Большое внимание уделено особенностям использования разнообразных электронных компонентов, вопросам разработки и изготовления печатных плат и корпусов, методике испытания устройств и поиска неисправностей. Приведено большое количество сравнительно простых цифровых и аналоговых схем. Отдельная глава посвящена решению типовых задач по программированию микропроцессоров и микроконтроллеров, представлены примеры полезных подпрограмм.
|
| 606 |
1 |
|
|a Схемотехника
|2 stltpush
|3 (RuTPU)RU\TPU\subj\58366
|9 76159
|
| 610 |
1 |
|
|a электроника
|
| 610 |
1 |
|
|a электронные устройства
|
| 610 |
1 |
|
|a конструирование
|
| 610 |
1 |
|
|a сборка
|
| 610 |
1 |
|
|a электронные схемы
|
| 610 |
1 |
|
|a разработка
|
| 610 |
1 |
|
|a тестирование
|
| 610 |
1 |
|
|a измерения
|
| 610 |
1 |
|
|a неисправности
|
| 610 |
1 |
|
|a ремонт
|
| 610 |
1 |
|
|a микроконтроллеры
|
| 675 |
|
|
|a 621.38.061
|v 3
|
| 700 |
|
1 |
|a Галле
|b К.
|g Клод
|
| 801 |
|
1 |
|a RU
|b 63413507
|c 20050211
|g PSBO
|
| 801 |
|
2 |
|a RU
|b 63413507
|c 20150618
|g PSBO
|
| 942 |
|
|
|c BK
|